=LDR 00000nam 2200000 4500 =001 INLIS000000000058668 =005 20211104090449 =035 ##$$a 0010-1021000116 =007 ta =008 211104###########################0###### =020 ##$$a 978-623-6525-40-1 =082 ##$$a 899.221 3 =084 ##$$a 899.221 3 ERA l =100 #$$a Eray Dewi Pringgo =245 1#$$a Lovesick =250 ##$$a Cet. 1 =260 ##$$a Selagalas :$b Novelindo Publishing,$c 2020 =300 ##$$a 183 halaman ; $c 21 em =650 #4$$a Fiksi - Indonesia =990 ##$$a 11/50/2021 =990 ##$$a 11/50/2021